000 00847nam a2200253 i 4500
003 EG-ScBUE
005 20260302101838.0
008 150510s2012 ii a f b 001 0 eng d
020 _a9788123919478
040 _aEG-ScBUE
_beng
_erda
_cEG-ScBUE
_dEG-ScBUE
082 0 4 _222
_a552
_bHOT
100 1 _aHota, Rabindra Nath,
_eauthor.
_937886
245 1 0 _aPractical approach to petrology /
_cRabindra Nath Hota.
264 1 _aNew Delhi :
_bCBS Publishers & Distributors Pvt Ltd.,
_c2012.
300 _axiii, 150 pages :
_billustrations ;
_c24 cm
336 _2rdacontent
_atext
_btxt
337 _aunmediated
_2rdamedia
_bn
338 _avolume
_bnc
_2rdacarrier
504 _aIncludes bibliographical references and index.
650 7 _aPetrology.
_2BUEsh
_95042
653 _bENGGEN
_cMay2015
655 _vReading book
_934232
942 _2ddc
_cBB
999 _c19320
_d19292